Visión panorámica de la arqueología y la clasificación de la historia en períodos arqueológicos / Cielo Rocío Roa Velásquez (Registro nro. 43619)
[ vista simple ]
| 000 -LÍDER | |
|---|---|
| Campo fijo de descripción fija | 005370000a22001450004500 |
| 001 - NÚMERO DE CONTROL | |
| Campo de control | 14786 |
| 100 1# - ASIENTO PRINCIPAL--NOMBRE PERSONAL | |
| Nombre personal | Roa Velásquez, Cielo Rocío |
| 245 10 - TÍTULO | |
| Título del Material | Visión panorámica de la arqueología y la clasificación de la historia en períodos arqueológicos / Cielo Rocío Roa Velásquez |
| 260 ## - PUBLICACIÓN, DISTRIBUCIÓN, ETC. (PIE DE IMPRENTA) | |
| Lugar de publicación, distribución, etc. | Medellín : FUSBC |
| 300 ## - DESCRIPCIÓN FÍSICA | |
| Extensión | 44 Pág |
| 500 ## - NOTA GENERAL | |
| Nota General | Asesor: Dr. Fernando Abilio Mosquera Brand |
| 942 ## - TIPO DE MATERIAL (KOHA) | |
| Tipo de Item KOHA | Libros General |
| Estado de Material | Estado de Perdido | Estado de Dañado | No para Préstamo | Colección | Tomo | Biblioteca de Origen | Biblioteca Permanente | Fecha de Adquisición | Total de Préstamos | Signatura Topográfica | Código de Barras | Última vez visto | Ejemplar/Existencia | Fecha de Remplazo | Tipo de Material |
|---|---|---|---|---|---|---|---|---|---|---|---|---|---|---|---|
| Trabajos de grado | Biblioteca FUSBC | Biblioteca FUSBC | 16/11/2007 | T R6281v | 16798 | 12/12/2019 | 1 | 26/01/2016 | Trabajos de Grado |
